STN EN 14080: 2006 (73 1713) [neplatná], Drevené konštrukcie. Lepené lamelové drevo. Požiadavky

Táto norma je slovenskou verziou EN 14080: 2005. Európska norma EN 14080: 2005 má postavenie slovenskej technickej normy

Podrobná bibliografia
Korporatívny autor: LIGNOTESTING a.s. (Bratislava, Slovensko)
Ďalší autori: Panáček, Pavol (Prekladateľ)
Médium: Kniha
Jazyk:slovenčina
angličtina
Fyzický popis:32 s. obr., tab. 30 cm
Vydavateľské údaje: Bratislava Slovenský ústav technickej normalizácie 2006
Predmet:

MARC

LEADER 00000cam a2200000 a 4500
001 vtls008831720
003 SK-MaSNL
005 20260302085553.0
008 160628s2006 xo a f u 000 0 slo
015 |a SNBN2008/01-00239 
020 |c (cen. skup. 13) 
040 |a SNK  |b slo  |c SNK  |e AACR2 
041 1 |a slo  |h eng 
044 |a xo  |c SK 
046 |a s  |m 200606 (účin.) 
072 7 |a 624  |x Inžinierske staviteľstvo  |2 konspekt 
072 7 |a 674  |x Drevo. Drevársky priemysel  |2 konspekt 
080 |a 624.01/.7  |2 2001 
080 |a 624.011.1  |2 2001 
080 |a 630.81  |2 2001 
080 |a 006.7/.8  |2 2001 
080 |a (437.6)  |2 2001 
080 |a (4)  |2 2001 
080 |a (083.74)  |2 2001 
080 |a 674.812  |2 2001 
084 |a 79.060.99  |2 ICS 
130 0 |a STN 73 1713 (STN EN 14080) [neplatná]  |9 755982 
245 1 0 |a STN EN 14080: 2006 (73 1713) [neplatná], Drevené konštrukcie. Lepené lamelové drevo. Požiadavky 
246 1 0 |a Drevené konštrukcie 
246 1 0 |a Lepené lamelové drevo 
246 1 0 |a Požiadavky 
246 3 0 |a EN 14080: 2005 E 
260 |a Bratislava  |b Slovenský ústav technickej normalizácie  |c 2006 
300 |a 32 s.  |b obr., tab.  |c 30 cm 
500 |a Táto norma nahrádza anglickú verziu STN EN 14080 z januára 2006 v celom rozsahu 
500 |a Spracovateľ: LIGNOTESTING a.s. Bratislava, Pavol Panáček ... [et al.] 
500 |a Norma je nahradená spolu s normami STN EN 385 z júla 2003, STN EN 386 z júla 2003, STN EN 387 z júla 2003, STN EN 390 z marca 1999, STN EN 391 z júla 2003, STN EN 392 z novembra 1998 a STN EN 1194 zo septembra 2001 normou STN EN 14080 z decembra 2013 v celom rozsahu 
520 8 |a Táto norma je slovenskou verziou EN 14080: 2005. Európska norma EN 14080: 2005 má postavenie slovenskej technickej normy 
540 |a Normy sa podľa zákona č. 264/1999 Z. z. nesmú kopírovať 
546 |a Terminológia aj v angličtine 
650 0 7 |a stavebné konštrukcie  |2 SNKPH  |9 3695 
650 0 7 |a drevené konštrukcie  |2 SNKPH  |9 3694 
650 0 7 |a drevo  |2 SNKPH  |9 3560 
650 0 7 |a technické normy a štandardy  |z Slovensko  |2 SNKPH  |9 79594 
650 0 7 |a technické normy a štandardy  |z krajiny Európskej únie  |2 SNKPH  |9 289341 
650 0 7 |a lamelové drevo  |2 SVKBBPH  |9 755983 
655 7 |a normy  |2 SNKPH  |9 70643 
700 1 |a Panáček, Pavol  |4 trl  |9 280222 
710 2 |a Slovenský ústav technickej normalizácie (Bratislava, Slovensko).  |b Technická komisia č. 4 Kovové, spriahnuté oceľobetónové a drevené konštrukcie  |4 stn  |9 322327 
710 2 |a LIGNOTESTING a.s. (Bratislava, Slovensko)  |9 307037 
774 1 8 |t STN EN 14080: 2013  |d Bratislava : Slovenský ústav technickej normalizácie, 2013  |w vtls010563403 
958 |a OP 
999 |c 1192813  |d 1194743 
952 |a SNK  |b SNK  |y PREZ  |7 0  |p 17A0516551  |o snkSTN EN 14080  |i snk2006/14188  |8 0  |0 0  |1 0  |4 0  |d 2006-07-18  |l 0  |r 2026-02-24 22:16:59  |w 2026-02-24 
952 |a SNK  |b SNK  |y PREZ  |7 0  |p 17A0516552  |o snkSTN EN 14080 D1  |i snk2006/14189  |8 0  |0 0  |1 0  |4 0  |d 2006-07-18  |l 0  |r 2026-02-24 22:16:59  |w 2026-02-24